[Event "Match"]
[Site "www.echecsemail.com"]
[Date "2015.12.06"]
[Round "1"]
[White "Genius7"]
[Black "Carazo"]
[WhiteElo "1730"]
[BlackElo "1880"]
[Result "1-0"]
[Round "1"]
1.d4 d5
2.Ng1f3 Bc8g4
3.Nb1d2 Ng8f6
4.h3 Bg4xf3
5.Nd2xf3 Nb8c6
6.Bc1f4 Nf6h5
7.Bf4h2 g6
8.e3 Bf8g7
9.Bf1b5 O-O
10.O-O Nc6b8
11.Bb5d3 Nb8d7
12.c4 Nd7b6
13.c5 Nb6d7
14.Ra1c1 c6
15.b4 a5
16.b5 a4
17.Rc1b1 Ra8a5
18.bxc6 bxc6
19.Bd3c2 a3
20.Qd1d2 Bg7f6
21.Rb1b7 Ra5a8
22.Rf1b1 e5
23.dxe5 Bf6e7
24.e4 Be7xc5
25.exd5 Rf8e8
26.dxc6 Nd7f8
27.Qd2xd8 Ra8xd8
28.Bc2b3 Nf8e6
29.g4 Rd8d3
30.Kg2 Ne6d8
31.Rb7d7 Rd3xd7
32.cxd7 Re8e7
33.gxh5 Re7xd7
34.hxg6 hxg6
35.Rb1d1 Rd7xd1
36.Bb3xd1 Nd8c6
37.Bd1b3 Nc6a5
38.Bb3d5 Kf8
39.Bh2f4 Ke7
40.Bf4g5 Kf8
41.Bg5d2 Kg7
42.Bd2xa5 { resign }
1-0

[Event "Match"]
[Site "www.echecsemail.com"]
[Date "2015.12.06"]
[Round "1"]
[White "Guidom"]
[Black "Ericleo1980"]
[WhiteElo "2030"]
[BlackElo "2330"]
[Result "0-1"]
[Round "1"]
1.e4 c5
2.Ng1f3 d6
3.c4 Ng8f6
4.Nb1c3 Bc8g4
5.d3 e6
6.Bf1e2 Bf8e7
7.O-O Nb8d7
8.Bc1g5 a6
9.Qd1c2 O-O
10.h3 Bg4h5
11.Rf1e1 Qd8a5
12.a3 b5
13.cxb5 axb5
14.Bg5d2 Qa5b6
15.Bd2e3 Qb6b7
16.d4 cxd4
17.Be3xd4 b4
18.axb4 Qb7xb4
19.Bd4xf6 Be7xf6
20.Nf3d2 Bh5g6
21.f3 d5
22.exd5 Bg6xc2
{ resign }
0-1

[Event "Match"]
[Site "www.echecsemail.com"]
[Date "2015.12.06"]
[Round "1"]
[White "Cardiff"]
[Black "Guidom"]
[WhiteElo "1920"]
[BlackElo "2010"]
[Result "1/2-1/2"]
[Round "1"]
1.d4 d5
2.c4 dxc4
3.e4 e5
4.Ng1f3 exd4
5.Qd1xd4 Qd8xd4
6.Nf3xd4 Ng8f6
7.f3 Bf8b4
8.Bc1d2 Bb4c5
9.Bd2c3 Bc5xd4
10.Bc3xd4 Bc8e6
11.Nb1d2 b5
12.a4 c6
13.axb5 cxb5
14.Ra1xa7 Ra8xa7
15.Bd4xa7 { draw }
1/2-1/2

[Event "Match"]
[Site "www.echecsemail.com"]
[Date "2015.12.06"]
[Round "1"]
[White "Goosebumps"]
[Black "Xkafi"]
[WhiteElo "2130"]
[BlackElo "1950"]
[Result "1-0"]
[Round "1"]
1.Ng1f3 h6
2.c4 d5
3.Nb1c3 d4
4.Nc3e4 Bc8f5
5.Ne4g3 Bf5e6
6.a3 Nb8c6
7.e3 Ng8f6
8.Qd1a4 Be6d7
9.Qa4b3 Ra8b8
10.exd4 Bd7g4
11.d5 Bg4xf3
12.Qb3xf3 Nc6e5
13.Qf3c3 Qd8d6
14.d4 Ne5g6
15.Bf1d3 Ng6f4
16.O-O Nf6h5
17.Bc1xf4 Nh5xf4
18.Rf1e1 g6
19.Qc3d2 Bf8g7
20.Ng3e4 Qd6d7
21.Qd2xf4 f5
22.Ne4c5 Qd7c8
23.Nc5e6 Bg7f6
24.Qf4xc7 Qc8xc7
25.Ne6xc7 Kd8
26.Nc7e6 Kc8
27.b4 Kd7
28.a4 b6
29.Ra1c1 Rh8c8
30.Rc1b1 Kd6
31.g4 fxg4
32.Re1c1 Rc8g8
33.Bd3e4 Kd7
34.c5 bxc5
35.dxc5 Bf6e5
36.c6 Kd6
37.b5 Rg8c8
38.a5 g5
39.b6 axb6
40.axb6 { resign }
1-0

[Event "Fast Game"]
[Site "www.echecsemail.com"]
[Date "2015.12.06"]
[Round "1"]
[White "Attatroll"]
[Black "Cal"]
[WhiteElo "1750"]
[BlackElo "1599"]
[Result "1-0"]
[Round "1"]
1.e4 c5
2.d4 cxd4
3.c3 dxc3
4.Nb1xc3 e5
5.Bf1c4 Nb8c6
6.Ng1f3 h6
7.O-O Ng8f6
8.Qd1b3 Qd8e7
9.Nf3d2 Nc6d4
10.Qb3a4 Nf6h5
11.Nc3d5 Qe7c5
12.Nd2b3 Nd4xb3
13.Qa4xb3 Bf8d6
14.Bc1e3 Qc5a5
15.g4 Nh5f4
16.Nd5xf4 Rh8f8
17.Nf4h5 Bd6e7
18.Nh5xg7 Kd8
19.Be3xh6 Rf8h8
20.Ng7f5 Be7c5
21.Bh6g5 Kc7
22.Nf5e7 Bc5xe7
23.Bg5xe7 b6
24.Ra1c1 Bc8b7
25.Bc4d5 Bb7c6
26.Rf1d1 Ra8e8
27.Bd5xc6 dxc6
28.Qb3xf7 Qa5b5
29.Be7d6 Kc8
30.Qf7c7 
1-0

[Event "Fast Game"]
[Site "www.echecsemail.com"]
[Date "2015.12.06"]
[Round "1"]
[White "Fkarpov"]
[Black "Mitja"]
[WhiteElo "1850"]
[BlackElo "1760"]
[Result "1-0"]
[Round "1"]
1.e4 d5
2.exd5 Qd8xd5
3.Nb1c3 Qd5d8
4.Ng1f3 e6
5.Bf1b5 c6
6.Bb5c4 Nb8d7
7.O-O Ng8f6
8.d4 Nd7b6
9.Bc4d3 Nb6d5
10.Bc1d2 Nd5xc3
11.Bd2xc3 Nf6d5
12.Bc3d2 Bf8d6
13.c4 Nd5f6
14.Rf1e1 O-O
15.Bd2g5 h6
16.Bg5h4 Bd6e7
17.Qd1c2 b6
18.Bh4xf6 Be7xf6
19.Bd3h7 Kh8
20.Bh7e4 Bc8b7
21.Ra1d1 Qd8c7
22.c5 bxc5
23.Qc2xc5 a6
24.Nf3e5 Bf6xe5
25.dxe5 Ra8d8
26.Rd1d6 Rd8c8
27.Re1d1 Rf8d8
28.b4 Rd8d7
29.Rd6xd7 { resign }
1-0

[Event "Tourn. n8457"]
[Site "www.chess-mail.com"]
[Date "2015.12.07"]
[Round "1"]
[White "Marandlen"]
[Black "Azulmarino"]
[WhiteElo "1630"]
[BlackElo "1750"]
[Result "0-1"]
[Round "1"]
1.e4 e5
2.Ng1f3 Nb8c6
3.Nb1c3 Ng8f6
4.d4 d6
5.dxe5 dxe5
6.Bf1d3 Bf8b4
7.Bc1d2 a6
8.a3 Bb4c5
9.O-O Bc8g4
10.Bd2g5 Nc6d4
11.Nc3d5 Nd4xf3
12.gxf3 Bg4h5
13.b4 h6
14.Bg5h4 c6
15.Nd5xf6 gxf6
16.bxc5 Rh8g8
17.Kh1 Qd8d7
 { time }
0-1

[Event "Tourn. n8417"]
[Site "www.chess-mail.com"]
[Date "2015.12.07"]
[Round "1"]
[White "Vinvangogh"]
[Black "Kevinking"]
[WhiteElo "1590"]
[BlackElo "1530"]
[Result "0-1"]
[Round "1"]
1.d4 Ng8f6
2.Bc1g5 e6
3.e4 Bf8e7
4.Nb1c3 d5
5.Bf1b5 c6
6.Bb5a4 O-O
7.e5 Nf6d7
8.Ng1f3 Be7xg5
9.O-O Bg5e7
10.a3 a6
11.h4 c5
12.Nf3g5 h6
13.Qd1d3 hxg5
14.h5 cxd4
15.Nc3e2 Nd7xe5
16.Qd3xd4 Be7f6
17.Qd4c3 Ne5c4
18.Qc3h3 Bf6xb2
19.c3 Bb2xa1
20.Rf1xa1 e5
21.g4 Bc8e6
22.h6 Qd8f6
23.f4 exf4
24.Ba4c2 Qf6xh6
25.Qh3xh6 gxh6
26.Kf2 Be6xg4
27.Ne2g1 Nb8d7
28.Ra1b1 Nd7c5
29.a4 b6
30.a5 Nc4xa5
31.Rb1xb6 Ra8b8
32.Rb6xh6 Rb8b2
33.Rh6h5 Rb2xc2
34.Ke1 Bg4xh5
{ resign }
0-1

[Event "Tourn. n8421"]
[Site "www.chess-mail.com"]
[Date "2015.12.07"]
[Round "1"]
[White "Neo"]
[Black "Julian"]
[WhiteElo "1810"]
[BlackElo "1770"]
[Result "0-1"]
[Round "1"]
1.d4 d5
2.e3 Ng8f6
3.g3 c6
4.Bf1g2 Nb8d7
5.c3 e5
6.Ng1f3 e4
7.Nf3e5 Nd7xe5
8.dxe5 Nf6d7
9.Qd1d4 Bf8c5
10.Qd4d2 Nd7xe5
11.b4 Bc5d6
12.O-O O-O
13.a4 Bc8g4
14.a5 Bg4f3
15.Bg2h3 h5
16.Qd2d4 Bf3g4
17.Bh3g2 h4
18.gxh4 Qd8xh4
19.Nb1d2 Bg4f3
20.Bg2xf3 Ne5xf3
21.Nd2xf3 Qh4g4
22.Kh1 Qg4xf3
23.Kg1 Qf3h3
24.f4 Ra8c8
25.Qd4d2 f5
26.Ra1a2 Rf8f6
27.Rf1f2 Rf6g6
28.Kh1 Kf7
29.Qd2e1 Rc8h8
30.Rf2g2 Qh3f3
31.Kg1 Rh8h6
32.Ra2f2 Rg6xg2
33.Rf2xg2 Rh6g6
34.Rg2g3 Rg6xg3
35.hxg3 g5
36.Kh2 Kg6
37.Bc1d2 c5
38.b5 gxf4
39.exf4 d4
40.cxd4 cxd4
41.Qe1g1 e3
42.Bd2e1 d3
43.Kh3 d2
44.Be1xd2 exd2
45.Qg1xa7 d1Q
46.Qa7b6 Qd1h1

0-1

[Event "Tourn. n8414"]
[Site "www.chess-mail.com"]
[Date "2015.12.07"]
[Round "1"]
[White "Gatrooper"]
[Black "Falcoale"]
[WhiteElo "1650"]
[BlackElo "1890"]
[Result "1-0"]
[Round "1"]
1.e4 c5
2.d3 Nb8c6
3.Ng1f3 e6
4.a3 Ng8f6
5.Nb1c3 a6
6.h3 d5
7.e5 Nf6d7
8.Bc1g5 Bf8e7
9.Bg5xe7 Qd8xe7
10.Nc3e2 Nd7xe5
11.Nf3xe5 Nc6xe5
12.Qd1d2 O-O
13.O-O-O b5
14.Ne2f4 b4
15.axb4 cxb4
16.c3 bxc3
17.Qd2xc3 Ne5g6
18.Nf4h5 f6
19.Rd1d2 Bc8b7
20.Kc2 Ra8c8
21.Qc3xc8 Rf8xc8
22.Kd1 Qe7e8
23.Bf1e2 Qe8a4
24.Ke1 Qa4a1
25.Rd2d1 Qa1xb2
26.O-O Qb2xe2
27.Rd1e1 Qe2xh5
28.Re1xe6 Qh5g5
29.f4 Qg5f5
30.Rf1e1 Qf5xd3
31.f5 Ng6e5
32.Re6b6 Qd3d4
33.Kh1 Qd4xb6
34.Re1f1 Rc8c2
35.g4 d4
36.Kg1 d3
37.Rf1f2  { time }
1-0

[Event "Tourn. n8467"]
[Site "www.chess-mail.com"]
[Date "2015.12.07"]
[Round "1"]
[White "Dulap"]
[Black "Roque1"]
[WhiteElo "1680"]
[BlackElo "1640"]
[Result "1-0"]
[Round "1"]
1.e4 c5
2.Ng1f3 d6
3.d4 cxd4
4.Nf3xd4 Ng8f6
5.Nb1c3 e5
6.Nd4b3 Nb8c6
7.Bc1g5 Bf8e7
8.Bf1e2 O-O
9.O-O Bc8e6
10.Rf1e1 h6
11.Bg5xf6 Be7xf6
12.Nc3d5 Be6xd5
13.Qd1xd5 Qd8b6
14.Qd5xd6 Ra8d8
15.Qd6c5 Qb6xc5
16.Nb3xc5 Rd8d2
17.Be2d3 Nc6b4
18.Nc5d7 Nb4xd3
19.Nd7xf6 gxf6
20.cxd3 Rd2xd3
21.Ra1d1 Rd3d4
22.f3 Rf8d8
23.Rd1xd4 exd4
24.Re1d1 Kf8
25.Kf2 Ke7
26.Ke2 Ke6
27.Rd1c1 Rd8d7
28.Kd3 Ke5
29.Rc1c8 f5
30.Rc8c5 Kf6
31.Rc5xf5 Ke6
32.Rf5h5 b5
33.Rh5xh6 Ke5
34.Rh6h5 Kd6
35.Rh5d5 { resign }
1-0

[Event "Tourn. n8439"]
[Site "www.chess-mail.com"]
[Date "2015.12.07"]
[Round "1"]
[White "Sfalcao"]
[Black "Panham"]
[WhiteElo "2020"]
[BlackElo "2150"]
[Result "0-1"]
[Round "1"]
1.e4 e6
2.d4 d5
3.Nb1c3 Ng8f6
4.Bc1g5 dxe4
5.Nc3xe4 Bf8e7
6.Ne4g3 O-O
7.Ng1f3 Nb8d7
8.Bf1e2 c5
9.O-O cxd4
10.Qd1xd4 Nf6d5
11.Ng3h5 Nd7f6
12.Nh5xf6 Be7xf6
13.Bg5xf6 Nd5xf6
14.Rf1d1 Bc8d7
15.Nf3e5 Bd7c6
16.Ne5xc6 bxc6
17.Qd4h4 Qd8b6
18.b3 Ra8d8
19.Be2f3 c5
20.Qh4c4 Qb6b4
21.Qc4e2 Nf6d5
22.Qe2d3 h6
23.Bf3xd5 Rd8xd5
24.Qd3e2 Rf8d8
25.Rd1xd5 Rd8xd5
26.Ra1d1 Qb4e4
27.Rd1d2 Qe4xe2
{ resign }
0-1

[Event "Tourn. n8392"]
[Site "www.chess-mail.com"]
[Date "2015.12.07"]
[Round "1"]
[White "Falcoale"]
[Black "Pariolinius"]
[WhiteElo "1910"]
[BlackElo "1950"]
[Result "0-1"]
[Round "1"]
1.e4 d6
2.Ng1f3 g6
3.d4 Bf8g7
4.Bf1c4 e6
5.O-O Ng8f6
6.Nb1c3 O-O
7.Bc1g5 h6
8.Bg5h4 Nb8d7
9.e5 g5
10.Bh4g3 Nf6h5
11.h3 d5
12.Bc4b3 Nh5xg3
13.fxg3 c5
14.dxc5 Nd7xc5
15.Rf1e1 Nc5xb3
16.axb3 a6
17.h4 g4
18.Nf3d4 Bc8d7
19.Qd1xg4 Kh7
20.Qg4e2 Kh8
21.Qe2h5 Qd8e7
22.Nd4f3 Kg8
23.Nc3e2 Ra8c8
24.c3 Bd7b5
25.Ne2d4 Bb5d7
26.Nf3h2 Bd7e8
27.Nh2g4 f5
28.Ng4f6 Bg7xf6
29.Qh5xh6 Bf6g7
30.Qh6xe6 Qe7f7
31.Re1f1 Be8d7
32.Qe6xf7 Rf8xf7
33.e6 Bg7xd4
34.cxd4 Bd7xe6
35.Ra1e1 Rc8c6
36.Re1e3 b5
37.Rf1e1 Rf7e7
38.Kh2 Kf7
39.Re3c3 Rc6c7
40.Rc3e3 Rc7c2
41.Re3e2 Rc2xe2
42.Re1xe2 Kf6
43.Kh3 f4
44.g4 Re7g7
 { time }
0-1

[Event "Tourn. n8493"]
[Site "www.chess-mail.com"]
[Date "2015.12.07"]
[Round "1"]
[White "Mitja"]
[Black "Luban"]
[WhiteElo "1930"]
[BlackElo "2040"]
[Result "1-0"]
[Round "1"]
1.d4 d5
2.e3 e6
3.Ng1f3 c5
4.dxc5 Bf8xc5
5.c3 Ng8f6
6.Bf1b5 Bc8d7
7.Bb5xd7 Qd8xd7
8.Nb1d2 O-O
9.Nd2b3 Bc5d6
10.O-O Nb8c6
11.h3 a6
12.Nb3d4 e5
13.Nd4xc6 Qd7xc6
14.Qd1c2 Ra8c8
15.Bc1d2 Nf6e4
16.Rf1d1 Ne4xd2
17.Qc2xd2 e4
18.Nf3h2 Bd6xh2
19.Kxh2 Rf8d8
20.Qd2e2 h6
21.g3 Qc6c4
22.Qe2g4 Rc8c6
23.Rd1d4 Qc4c5
24.Qg4h4 Rc6g6
25.Qh4xd8 { resign }
1-0

[Event "Tourn. n8441"]
[Site "www.chess-mail.com"]
[Date "2015.12.07"]
[Round "1"]
[White "Hansen"]
[Black "Gatrooper"]
[WhiteElo "1530"]
[BlackElo "1620"]
[Result "1-0"]
[Round "1"]
1.e3 e5
2.Bf1c4 d6
3.Nb1c3 Bc8e6
4.b3 Be6xc4
5.bxc4 a6
6.Nc3d5 Ng8f6
7.Qd1f3 Nf6xd5
8.cxd5 h6
9.h4 c6
10.Ra1b1 cxd5
11.Qf3xd5 Nb8c6
12.Rb1xb7 Nc6e7
13.Qd5c4 Ra8c8
14.Qc4xa6 Rc8c6
15.Qa6b5 g6
16.Bc1a3 Bf8g7
17.Ng1f3 e4
18.Nf3h2 O-O
19.f4 Rc6c7
20.Rb7b6 Ne7c8
21.Rb6b8 Qd8xh4
22.Kd1 Nc8a7
23.Qb5b6 Rc7c8
24.Rb8b7 Rc8a8
25.Qb6xd6 Ra8d8
26.Qd6c7 Rd8c8
27.Qc7b6 Rf8d8
28.Ba3e7 Rd8e8
29.Be7xh4 Na7c6
30.Nh2g4 h5
31.Ng4f2 Re8e6
32.Qb6b3 Nc6d8
33.Bh4xd8 Rc8xd8
34.d3 exd3
35.cxd3 Re6f6
36.Nf2e4 Rf6f5
37.Ne4g5 Rd8f8
38.e4 Rf5xf4
39.a4 Bg7h6
40.Ng5xf7 Rf4xf7
41.Qb3e6 Kg7
42.Rb7b5 Rf7f6
43.Rb5b7 Rf8f7
44.Rb7xf7 Rf6xf7
45.a5 Bh6e3
46.Rh1h3 Rf7f1
47.Ke2 Rf1f6
48.Qe6e5 Be3f4
49.Qe5e7 Rf6f7
50.Qe7e6 Bf4g5
51.Rh3g3 Bg5f6
52.a6 Rf7e7
53.Qe6c6 g5
54.Rg3f3 Re7f7
55.Rf3f5 h4
56.e5 Bf6e7
57.Rf5xf7 Kxf7
58.a7 Be7b4
59.Qc6b7 { resign }
1-0

[Event "Tourn. n8479"]
[Site "www.chess-mail.com"]
[Date "2015.12.07"]
[Round "1"]
[White "Osmundw"]
[Black "Billyg"]
[WhiteElo "1560"]
[BlackElo "1640"]
[Result "0-1"]
[Round "1"]
1.e4 e5
2.Ng1f3 d6
3.d4 Qd8e7
4.dxe5 dxe5
5.Bc1f4 f6
6.Nf3xe5 fxe5
7.Qd1h5 g6
8.Qh5xe5 Bf8g7
9.Bf1b5 c6
10.Bf4g5 Qe7xe5
11.Bb5xc6 bxc6
12.Nb1d2 h6
13.Nd2f3 Qe5xb2
14.Nf3e5 Qb2xa1
15.Ke2 Qa1xh1
16.Bg5d2 Bg7xe5
{ resign }
0-1

[Event "Match"]
[Site "www.echecsemail.com"]
[Date "2015.12.07"]
[Round "1"]
[White "Pariolinius"]
[Black "Darknight"]
[WhiteElo "1900"]
[BlackElo "1700"]
[Result "1-0"]
[Round "1"]
1.e4 e5
2.Ng1f3 d6
3.Bf1c4 h6
4.Nb1c3 c6
5.d4 exd4
6.Nf3xd4 Qd8e7
7.O-O g6
8.Rf1e1 Qe7c7
9.Qd1f3 Bf8g7
10.Bc1e3 h5
11.Ra1d1 Bc8g4
12.Qf3xf7 Qc7xf7
13.Bc4xf7 Kxf7
14.f3 Bg4d7
15.Be3f4 Ke7
16.Bf4g5 Bg7f6
17.Bg5f4 g5
18.Nd4f5 Bd7xf5
19.exf5 Kd8
20.Rd1xd6 Kc7
21.Rd6xf6 gxf4
22.Rf6f7 Kb6
23.b4 a6
24.a4 Ng8h6
25.Rf7f6 Nb8d7
26.Rf6d6 Ra8d8
27.Nc3d5 Ka7
28.Nd5e7 Kb8
29.Re1e6 Nh6f7
30.Rd6d4 Kc7
31.Rd4xf4 h4
32.Ne7g6 Rh8g8
33.Rf4xh4 Nf7g5
34.Re6e7 Kb8
35.Rh4g4 Nd7f8
36.Rg4xg5 Nf8xg6
37.fxg6 Rd8d4
38.c3 Rd4c4
39.Re7e3 Rg8g7
40.g4 Ka7
41.h4 Kb6
42.a5 Ka7
43.h5 b6
44.h6 Rg7d7
45.h7 Rd7d8
46.g7 bxa5
47.g8Q Rd8d1
48.Kg2 Rd1d5
49.Rg5xd5 cxd5
50.Qg8xd5 Rc4c7
51.h8Q axb4
52.Qd5d4 Kb7
53.Qd4xb4 Kc6
54.Qh8d4 a5
55.Qb4b6 
1-0

[Event "Match"]
[Site "www.echecsemail.com"]
[Date "2015.12.07"]
[Round "1"]
[White "Joseph1983"]
[Black "Krystek23"]
[WhiteElo "2170"]
[BlackElo "2390"]
[Result "1-0"]
[Round "1"]
1.e4 c5
2.Ng1f3 e6
3.d4 cxd4
4.Nf3xd4 Nb8c6
5.Bc1e3 a6
6.Bf1c4 Qd8c7
7.Bc4b3 Bf8e7
8.Nb1c3 Ng8f6
9.O-O d6
10.Qd1e2 Bc8d7
11.Rf1d1 Nc6e5
12.f3 O-O
13.Qe2f2 Ne5c4
14.Bb3xc4 b5
15.Bc4b3 Rf8d8
16.Nd4e2 Ra8b8
17.Ne2f4 a5
18.a3 Nf6g4
19.fxg4 a4
20.Bb3a2 Bd7c6
21.Ba2xe6 fxe6
22.Nf4xe6 Qc7d7
23.Ne6xd8 Rb8xd8
24.Qf2g3 Qd7e6
25.Be3f4 Bc6b7
26.Nc3xb5 Qe6xe4
{ time. }
1-0

[Event "Match"]
[Site "www.echecsemail.com"]
[Date "2015.12.07"]
[Round "1"]
[White "Guidom"]
[Black "Goosebumps"]
[WhiteElo "2050"]
[BlackElo "2200"]
[Result "1-0"]
[Round "1"]
1.e4 d5
2.exd5 Qd8xd5
3.Nb1c3 Qd5a5
4.Ng1f3 Ng8f6
5.d3 Bc8g4
6.Bf1e2 e6
7.Bc1d2 Bf8e7
8.O-O c6
9.h3 Bg4xf3
10.Be2xf3 O-O
11.Rf1e1 Nb8d7
12.a3 Ra8d8
13.Nc3d5 Qa5c5
14.Bd2b4 Qc5b5
15.c4 Qb5a6
16.Bb4xe7 cxd5
17.Be7xd8 Rf8xd8
18.cxd5 exd5
19.Qd1c2 Nd7e5
20.Re1xe5 h6
21.Ra1e1 Qa6b6
22.Kh1 Kf8
23.b4 a6
24.Qc2c3 Kg8
25.d4 Qb6d6
26.Re1c1 Kh7
27.Qc3c7 { resign }
1-0

[Event "Match"]
[Site "www.echecsemail.com"]
[Date "2015.12.07"]
[Round "1"]
[White "Goosebumps"]
[Black "Faerieking"]
[WhiteElo "2100"]
[BlackElo "2300"]
[Result "0-1"]
[Round "1"]
1.e4 d5
2.exd5 Ng8f6
3.h3 e6
4.dxe6 Bc8xe6
5.Ng1f3 Nb8d7
6.d4 Bf8b4
7.Bc1d2 Qd8e7
8.Qd1e2 O-O-O
9.Bd2xb4 Qe7xb4
10.c3 Qb4b6
11.Qe2c2 Rh8e8
12.Bf1e2 Be6c4
13.Nf3g1 Re8xe2
14.Ng1xe2 Rd8e8
15.O-O Re8xe2
16.Nb1d2 Re2xd2
17.Qc2xd2 Bc4xf1
18.Kxf1 Nf6e4
19.Qd2e2 Nd7f6
20.Ra1b1 Qb6e6
21.Rb1a1 g6
22.Kg1 h5
23.a4 a6
24.Ra1e1 Qe6c6
25.a5 Qc6d5
26.Re1a1 Qd5g5
27.Qe2e3 Qg5xe3
28.fxe3 Nf6d5
29.Ra1c1 f5
30.Rc1e1 Kd7
31.Kh2 h4
32.Kg1 Kc6
33.Kf1 Kb5
34.Ke2 Kc4
35.Kd1 Kb3
36.Re1e2 Nd5xc3
37.bxc3 Ne4xc3
38.Kd2 Nc3xe2
39.Kxe2 Kc4
40.Kf3 b5
41.Ke2 Kc3
42.Kd1 Kd3
43.Kc1 Kxe3
44.d5 Kf2
45.Kd2 Kxg2
46.Ke3 b4
47.Ke2 f4
{ resign }
0-1

[Event "Match"]
[Site "www.echecsemail.com"]
[Date "2015.12.07"]
[Round "1"]
[White "Trazyne"]
[Black "Crush"]
[WhiteElo "1499"]
[BlackElo "1570"]
[Result "1-0"]
[Round "1"]
1.e4 e5
2.Ng1f3 Nb8c6
3.Bf1c4 Bf8c5
4.b4 Nc6xb4
5.Nf3xe5 d6
6.Ne5xf7 Qd8f6
7.O-O Qf6xa1
8.Nb1c3 Bc5d4
9.Qd1h5 Ng8f6
10.Qh5a5 Rh8f8
11.Qa5xc7 Rf8xf7
12.Qc7xf7 Kd8
13.Bc1a3 Qa1xf1
14.Kxf1 Nb4xc2
15.Ba3xd6 Bc8g4
16.Qf7e7 { resign }
1-0

[Event "1/128 Finale"]
[Site "www.chess-mail.com"]
[Date "2015.12.07"]
[Round "1"]
[White "Gmscalpel"]
[Black "Chesspower"]
[WhiteElo "2400"]
[BlackElo "1600"]
[Result "0-1"]
[Round "1"]
1.Ng1f3 d6
2.c4 Ng8f6
3.h3 e5
4.c5 Nb8c6
5.d4 exd4
6.Nf3xd4 Nc6xd4
7.Qd1xd4 dxc5
8.Qd4xd8 Kxd8
9.Nb1c3 c6
10.e4 Bf8d6
11.Bc1g5 Bd6e5
12.h4 Kc7
13.f4 Be5xc3
14.bxc3 Nf6xe4
15.O-O-O f6
16.Rd1e1 fxg5
17.Re1xe4 gxf4
18.Re4xf4 Bc8e6
19.a4 Rh8f8
20.Rf4e4 Ra8e8
21.Bf1c4 Be6d5
22.Re4xe8 Rf8xe8
23.Bc4xd5 cxd5
24.Rh1d1 Kc6
25.Kc2 Re8e2
26.Rd1d2 Re2xd2
27.Kxd2 b5
28.axb5 Kxb5
{ resign }
0-1

[Event "Eq:Clubul Central de Sah-chibcha : "]
[Site "www.chess-mail.com"]
[Date "2015.12.07"]
[Round "1"]
[White "Tbsundar"]
[Black "Calulalb"]
[WhiteElo "2070"]
[BlackElo "2730"]
[Result "1-0"]
[Round "1"]
1.d4 d5
2.c4 c6
3.e3 Bc8f5
4.Ng1f3 e6
5.Nb1d2 Nb8d7
6.Bf1e2 h6
7.Qd1b3 Qd8c7
8.O-O Ng8f6
9.Be2d3 Bf8d6
10.cxd5 Bf5xd3
11.dxe6 Bd3xf1
12.exd7 Qc7xd7
13.Nd2xf1 O-O
14.Bc1d2 Qd7e6
15.Qb3a4 a5
16.Nf1g3 Rf8c8
17.Bd2c3 b5
18.Qa4d1 b4
19.Bc3e1 c5
20.b3 c4
21.bxc4 Rc8xc4
22.Nf3d2 Rc4c7
23.Qd1f3 Ra8c8
24.Nd2b3 a4
25.Nb3d2 Rc7c1
26.d5 Nf6xd5
27.Ra1b1 Bd6xg3
28.Qf3xg3 Rc1xb1
29.Nd2xb1 Rc8c1
30.f4 Nd5xf4
31.Qg3xf4 Rc1xe1
32.Kf2 Re1xb1
33.Qf4b8 Kh7
34.Qb8f4  { time }
1-0

[Event "Eq:Los Tercios-Clubul Central de Sah : "]
[Site "www.chess-mail.com"]
[Date "2015.12.07"]
[Round "1"]
[White "Ericleo1980"]
[Black "Rocadamica"]
[WhiteElo "2290"]
[BlackElo "2690"]
[Result "1-0"]
[Round "1"]
1.e4 c5
2.Ng1f3 d6
3.d4 cxd4
4.Nf3xd4 Ng8f6
5.Nb1c3 Nb8c6
6.Bf1c4 e6
7.Bc4b3 Bf8e7
8.Bc1e3 a6
9.O-O O-O
10.h3 Qd8c7
11.f4 b5
12.a3  { time }
1-0

[Event "Fast Game"]
[Site "www.echecsemail.com"]
[Date "2015.12.07"]
[Round "1"]
[White "Attatroll"]
[Black "Goosebumps"]
[WhiteElo "1740"]
[BlackElo "1829"]
[Result "0-1"]
[Round "1"]
1.d4 d5
2.c4 e6
3.Nb1c3 c5
4.cxd5 cxd4
5.Qd1xd4 Ng8e7
6.e4 a6
7.Bc1f4 exd5
8.O-O-O Nb8c6
9.Qd4d2 d4
10.Nc3e2 Ne7g6
11.Bf4g3 Bf8c5
12.Ng1f3 Bc8g4
13.h3 Bg4xf3
14.gxf3 Qd8f6
15.Bf1g2 O-O
16.Rh1g1 Ra8c8
17.Kb1 Rf8d8
18.f4 Qf6e7
19.e5 f6
20.exf6 Qe7xf6
21.Ne2c1 Bc5d6
22.Nc1d3 Rd8f8
23.Rg1e1 Ng6xf4
24.Nd3xf4 Bd6xf4
25.Bg3xf4 Qf6xf4
26.Bg2xc6 Qf4xd2
27.Rd1xd2 Rc8xc6
28.Rd2xd4 Rf8xf2
29.Re1d1 Rf2h2
30.Rd4d3 h6
31.a3 b5
32.Rd3d8 Kh7
33.Rd1d3 h5
34.Rd8d7 Kh6
35.Rd7d6 Rc6xd6
36.Rd3xd6 g6
37.Rd6d3 g5
38.Ka2 Rh2xh3
39.Rd3xh3 g4
40.Rh3h1 Kg5
41.Kb3 g3
42.Kc2 Kg4
43.Kd2 g2
44.Rh1g1 Kg3
45.Ke2 h4
46.Rg1xg2 Kxg2
{ resign }
0-1

[Event "Fast Game"]
[Site "www.echecsemail.com"]
[Date "2015.12.07"]
[Round "1"]
[White "Hennie4820"]
[Black "Piekki"]
[WhiteElo "1600"]
[BlackElo "1400"]
[Result "1-0"]
[Round "1"]
1.e4 e5
2.Ng1f3 Nb8c6
3.Bf1c4 Bf8c5
4.d4 Bc5xd4
5.Nf3xd4 Nc6xd4
6.c3 Nd4c6
7.O-O Ng8f6
8.Bc1g5 d6
9.Nb1d2 Bc8e6
10.Qd1b3 Nc6a5
11.Qb3a4 Na5c6
12.Bc4xe6 fxe6
13.Qa4b3 Kd7
14.Ra1b1 Ra8b8
15.Qb3a4 b5
16.Qa4b3 Rh8f8
17.c4 Nc6d4
18.Qb3b4 c5
19.Qb4a3 a5
20.cxb5 Qd8b6
21.Nd2f3 Nd4e2
22.Kh1 Qb6xb5
23.b3 Nf6xe4
24.Bg5e3 Ne4c3
25.Rb1b2 Qb5b4
26.Qa3xb4 axb4
27.Rf1e1 Ne2d4
28.Nf3d2 Rb8a8
29.Nd2c4 Rf8b8
30.h3 Nc3d5
31.Be3g5  { time }
1-0

[Event "Fast Game"]
[Site "www.echecsemail.com"]
[Date "2015.12.07"]
[Round "1"]
[White "Piekki"]
[Black "Genius7"]
[WhiteElo "1400"]
[BlackElo "1659"]
[Result "0-1"]
[Round "1"]
1.g3 c5
2.Bf1g2 Nb8c6
3.d3 e5
4.c4 d6
5.Nb1c3 Ng8f6
6.e3 Bf8e7
7.Ng1e2 O-O
8.O-O Bc8e6
9.Nc3d5 Ra8b8
10.b3 Qd8d7
11.Bc1b2 Rf8e8
12.Ra1c1 Rb8c8
13.f4 exf4
14.Ne2xf4 Be6xd5
15.Nf4xd5 Nf6xd5
16.Bg2xd5 Re8f8
17.Qd1h5 { time. }
0-1

[Event "Tourn. n8463"]
[Site "www.chess-mail.com"]
[Date "2015.12.08"]
[Round "1"]
[White "Huw"]
[Black "Cardiff"]
[WhiteElo "2100"]
[BlackElo "1840"]
[Result "1-0"]
[Round "1"]
1.d4 Ng8f6
2.c4 c5
3.d5 b5
4.Ng1f3 g6
5.cxb5 a6
6.bxa6 Bc8xa6
7.b3 Bf8g7
8.Bc1b2 d6
9.g3 O-O
10.Bf1g2 Nb8d7
11.O-O Ra8b8
12.Rf1e1 c4
13.Nb1c3 cxb3
14.axb3 Nd7c5
15.Nf3d4 Qd8c7
16.Ra1c1 Qc7b7
17.Nd4c6 Qb7c7
18.b4 { resign }
1-0

[Event "Tourn. n8447"]
[Site "www.chess-mail.com"]
[Date "2015.12.08"]
[Round "1"]
[White "Hundegana"]
[Black "Naujzaid"]
[WhiteElo "2000"]
[BlackElo "1900"]
[Result "0-1"]
[Round "1"]
1.e4 c5
2.d4 cxd4
3.Qd1xd4 Nb8c6
4.Qd4d1 d6
5.c4 Ng8f6
6.Nb1c3 e6
7.Bf1e2 Bf8e7
8.Ng1f3 O-O
9.O-O a6
10.h3 Qd8c7
11.Bc1f4 b6
12.a3 Bc8b7
13.Rf1e1 Rf8d8
14.Qd1c2 Ra8c8
15.Ra1d1 h6
16.Nf3h2 Nc6e5
17.Bf4xe5 dxe5
18.Rd1xd8 Rc8xd8
19.f3 Nf6h5
20.Nh2f1 Qc7c5
21.Kh2 Qc5f2
22.Qc2c1 Be7h4
23.Re1d1 Rd8xd1
24.Qc1xd1 Nh5f4
25.Nf1e3 Qf2xe3
26.Qd1f1 Nf4xe2
27.Nc3xe2 f5
28.g3 Bh4e7
29.Kg2 fxe4
30.f4 exf4
31.Ne2xf4 Qe3d2
32.Qf1e2 e3
33.Kf1 e5
34.Nf4g6 Qd2c1
35.Qe2e1 Qc1xc4
36.Kg1 Be7c5
37.b4 Qc4e4
38.Qe1e2 Qe4h1
{ resign }
0-1

[Event "Tourn. n8444"]
[Site "www.chess-mail.com"]
[Date "2015.12.08"]
[Round "1"]
[White "Asoka"]
[Black "Nimzo"]
[WhiteElo "2650"]
[BlackElo "2830"]
[Result "1/2-1/2"]
[Round "1"]
1.d4 d5
2.c4 dxc4
3.e3 Ng8f6
4.Bf1xc4 e6
5.Ng1f3 c5
6.O-O a6
7.dxc5 Bf8xc5
8.Qd1xd8 Kxd8
9.Bc4e2 Ke7
10.a3 Nb8d7
11.Nb1d2 b5
12.b3 Bc8b7
13.a4 bxa4
{ draw }
1/2-1/2

[Event "Tourn. n8415"]
[Site "www.chess-mail.com"]
[Date "2015.12.08"]
[Round "1"]
[White "Falcoale"]
[Black "Osopanda"]
[WhiteElo "1920"]
[BlackElo "1940"]
[Result "0-1"]
[Round "1"]
1.e4 c5
2.Ng1f3 d6
3.d4 cxd4
4.Nf3xd4 Ng8f6
5.Nb1c3 a6
6.Bf1d3 e5
7.Nd4b3 Bc8e6
8.O-O Nb8d7
9.f4 exf4
10.Bc1xf4 Nd7e5
11.Bf4g5 Bf8e7
12.Bg5xf6 Be7xf6
13.Nc3d5 Be6xd5
14.exd5 Ne5xd3
15.Qd1xd3 O-O
16.c3 Rf8e8
17.Nb3d4 Qd8b6
18.b3 Ra8c8
19.Ra1b1 Rc8xc3
20.Qd3d1 Bf6xd4
21.Kh1 Bd4e5
22.Qd1h5 Qb6c7
23.Rb1d1 g6
24.Qh5g5 f6
25.Qg5g4 Qc7e7
26.Rf1e1 f5
27.Qg4b4 Rc3c2
28.Rd1c1 Re8c8
29.Rc1d1 b5
30.Qb4a3 Qe7g5
31.Re1g1 Be5xh2
 { time }
0-1

[Event "Tourn. n8410"]
[Site "www.chess-mail.com"]
[Date "2015.12.08"]
[Round "1"]
[White "Ffdd65"]
[Black "Xkafi"]
[WhiteElo "2200"]
[BlackElo "2030"]
[Result "1-0"]
[Round "1"]
1.e4 e5
2.Ng1f3 d5
3.exd5 Qd8xd5
4.Nb1c3 Qd5c5
5.d4 exd4
6.Nf3xd4 Ng8f6
7.h3 Bf8d6
8.Bc1e3 Qc5e5
9.Qd1d2 O-O
10.O-O-O Nb8a6
11.Nc3b5 Bc8e6
12.Nd4xe6 Qe5xe6
13.b3 Ra8d8
14.Bf1c4 Qe6e5
15.Be3d4 Qe5e7
16.Rh1e1 Qe7d7
17.Nb5xd6 Qd7xd6
18.Bd4b2 Na6b4
19.Qd2xd6 Rd8xd6
20.Rd1xd6 cxd6
21.a3 Nb4c6
22.Re1e3 a6
23.Re3g3 Nf6h5
24.Rg3g5 g6
25.g3 Rf8c8
26.Bc4d5 h6
27.Rg5g4 Nc6e5
28.Bb2xe5 dxe5
29.Bd5xb7 Rc8c7
30.Bb7xa6 Nh5f6
31.Rg4c4 Rc7a7
32.Rc4c6 Nf6e4
33.f4 Ne4xg3
34.fxe5 Kf8
35.a4 Ng3e4
36.Ba6c8 Ne4g5
37.c4 Ke7
38.Rc6b6 Kd8
39.Rb6b7 Ra7a5
40.Bc8g4 Ra5xe5
41.Rb7d7 Ke8
42.Rd7d5 Re5e1
43.Rd5d1 Re1e3
44.h4 Ng5e4
45.Bg4d7 Ke7
46.Kb2 Ne4c5
47.Bd7b5 Re3xb3
48.Ka2 Rb3h3
49.a5 Nc5e6
50.a6 Ne6c7
51.Rd1d7 { resign }
1-0